000 01026nam a22003017a 4500
003 CHAP
005 20220817041815.0
008 971013s1981 cr r 00010 spa d
010 _a25097
011 _a26069
035 _a30169
040 _cCHAP
082 0 4 _a631.86
_bI58
110 2 _aInstituto Interamericano de Cooperación para la Agricultura
245 1 _aBiogas
_b: una bibliografía mundial
260 _aSan José, Costa Rica :
_bInstituto Interamericano de Cooperación para la Agricultura,
_c(1981)
300 _a207 p
490 _aDocumentación e información agrícola
_v; 108
590 _aBATCH-UPD
_b10
_c20130110
_lUCH01
_h2122
590 _aBATCH-UPD
_b10
_c20130410
_lUCH01
_h1432
590 _aBATCH-UPD
_b10
_c20130914
_lUCH01
_h1216
590 _aCONVERSION
_b10
_c20130109
_lUCH01
_h1315
650 1 4 _aEstiércol, Gases en.
_938331
830 0 _aDocumentación e información agrícola
_v; 108
_933183
901 _aBK
942 _cLIBRO
949 _a631.86 I58
_bBC
_cC
_d33724000646931
_eC
_i30169
_si
999 _c25097
_d25097